Rocznik statystyczny 1987 Rok 47

Enregistré dans:
Détails bibliographiques
Format: Livre
Langue:polonais
Publié: Warszawa Glówny urzad statystyczny 1987
Édition:1. wyd.
Tags: Ajouter un tag
Pas de tags, Soyez le premier à ajouter un tag!

MARC

LEADER 00000nam a2200000 4500
001 c024653
005 20221206140332.7
041 0 |a pol 
044 |a PL 
245 1 0 |a Rocznik statystyczny 1987  |b Rok 47 
250 |a 1. wyd. 
264 1 |a Warszawa  |b Glówny urzad statystyczny  |c 1987 
300 |a 636 s.